[Event "Mundial ajedrez"]
[Site "London"]
[Date "2018.11.16"]
[Round "6"]
[White "Carlsen, Magnus"]
[Black "Caruana, Fabiano"]
[Result "1/2-1/2"]
[WhiteElo "2835"]
[BlackElo "2832"]
[Annotator "ajedrez21.com"]
[PlyCount "160"]
[EventDate "2018.11.09"]
[EventCountry "ENG"]
[SourceVersionDate "2018.11.10"]

1. e4 e5 2. Nf3 Nf6 {La Defensa Petrov -tambien llamada Defensa Rusa. Un
sistema con fama de sólido, y favorito de Caruana, quien lo ha empleado en
numerosas ocasiones. No ha podido ser una sorpresa para Carlsen, por lo que es
una buena ocasión de ver qué tiene el campeón preparado.} 3. Nxe5 d6 4. Nd3
{Una continuación original y muy poco empleada.} Nxe4 5. Qe2 Qe7 6. Nf4 {
Con la amenaza 7.Cd5, que debe ser la idea de Carlsen.} Nc6 7. Nd5 Nd4 {
Ambos jugadores mueven a toda velocidad. Parece claro que Caruana no se ha
visto sorprendido. La danza de caballos en el centro, con ambas damas
amenazadas tiene su encanto, pero como veremos, todo se diluye como fuegos de
artificio en pocas jugadas.} 8. Nxe7 Nxe2 9. Nd5 Nd4 10. Na3 {¡Partida de
caballos... ni hecho aposta!} ({El blanco defiende c2, porque la variante} 10.
Nxc7+ Kd7 11. Nxa8 Nxc2+ 12. Kd1 Nxa1 {no daba nada.}) 10... Ne6 11. f3 N4c5
12. d4 Nd7 13. c3 c6 14. Nf4 Nb6 15. Bd3 {Carlsen pensó 16 min. esta jugada...
quizás un poco tarde, pues la posición es completamente simétrica, aburrida
y muerta; igualdad absoluta. Cuesta pensar que este era el plan original del
noruego para sacar ventaja contra la Petrov. No se entiende muy bien, la
verdad.} d5 16. Nc2 Bd6 17. Nxe6 Bxe6 18. Kf2 h5 {Un buen plan, peleando por
conseguir ventaja de espacio en el flanco de rey.} 19. h4 Nc8 {El caballo se
dirige a e7, desde donde vigilará el punto f5.} 20. Ne3 {Tiempos restantes:
01:14:00 vs. 01:02:26 // Si no existiera la regla de prohibir tablas antes de
la jugada 30, se firmarían las tablas en cualquier momento. Carlsen ha
desaprovechado sus blancas jugando de forma anodina.} Ne7 21. g3 c5 $1 {
¡Caruana quiere arriesgar! Es el negro quien se muestra más activo en estos
compases tras la apertura y el cambio de damas. Un plan más pacífico hubiera
sido enrocar largo y seguir en plan "simétrico" con jugadas como ...g6, The8,
etc. Lo importante de esta jugada es que cambia completamente los temas
estratégicos y rompe la simetría.} 22. Bc2 O-O 23. Rd1 Rfd8 24. Ng2 {
Buscando la molesta casilla f4 para el caballo.} cxd4 {Fiel a su estilo
práctico, Catuana elimina la tensión en el centro, para ir a un plan
concreto basado en el cálculo.} 25. cxd4 Rac8 ({Una atractiva idea era usar
la otra torre:} 25... Rdc8 26. Bb3 a5 27. a3 a4 28. Ba2 {y la posición negra
parece muy activa, con planes como Ta8-c6, Tc2+ o incluso ...Cc6-a5.}) 26. Bb3
Nc6 27. Bf4 {Carlsen quiere cambiar este alfil, pues el Cg2 tendría un punto
muy estable en f4.} Na5 {Pero parece que Caruana ha calculado bien y responde
con un juego muy concreto.} 28. Rdc1 {[%emt 0:35:44] El control de la columna
c comenzaba a tornarse peligroso, por lo que Carlsen decide oponerse
directamente. Si 28.Aa4 podría seguir b5!? con iniciativa negra. Tiempos
restantes: 46:20 vs.} Bb4 29. Bd1 {Carlsen quiere preservar este alfil, pero
Caruano está calculando muy bien las complicaciones...} Nc4 {El negro tiene
claramenet la iniciativa y sus piezas están mejor coordinadas.} 30. b3 Na3 31.
Rxc8 Rxc8 32. Rc1 {Carlsen finalmente se da cuenta del peligro y rápidamente
quiere liquidar torres. La cercanía de su rey al centro y la eliminación del
peligro en la columna c le permite sostener la partida.} Nb5 33. Rxc8+ Bxc8 {
[%emt 0:22:09] Las negras siguen más activas, pero al haberse eliminado las
torres, resulta mucho más complicado para Caruana convertirla en una ventaja
más tangible. Tiempos restantes: 36:29 vs.} 34. Ne3 {Carlsen encuentra el
mejor método defensivo.} Nc3 35. Bc2 Ba3 {Caruana sigue más activo e intenta
conseguir algo tangible con la invasión en el flanco de dama. Ahora, este
alfil "fija" el peón blanco de a2, para que siga siendo objetivo del caballo
negro.} 36. Bb8 a6 37. f4 {Jugando activo para impedir que el alfil negro se
asiente en e6.} Bd7 38. f5 Bc6 39. Bd1 Bb2 40. Bxh5 {Ante el inminente control
de la jugada 40 y un poco apurado de tiempo, lo que revela que es Carlsen
quien ha estado luchando por la igualdad.} Ne4+ {Catuana pensó más de 10 min.
sus últimos dos movimientos, antes de padar el control.} 41. Kg2 Bxd4 {
La estructura de peones ha cambiado y podemos ver el resultado: se mantiene la
igualdad material, pero las negras tienen un poderoso peón central pasado y
piezas más activas, por lo que Caruana puede seguir porfiando tranquilamente
buscando el error de su rival. Tiempos restantes: 56:05 min. vs. 50:15 min.}
42. Bf4 Bc5 43. Bf3 {Tiempos restantes: 35:11 min. vs. 42:26 min. - Está
claro que Carlsen se ha puesto "el mono de trabajo" y está pensando más que
su rival.} Nd2 {Caruana va a por todas...} 44. Bxd5 {Carlsen pensó su
movimiento anterior 13 minutos, por lo que cabe suponer que sabía que este
movimiento implicaba un sacrificio de pieza para simplificar la posición y
hacer tablas.} Bxe3 45. Bxc6 Bxf4 46. Bxb7 Bd6 47. Bxa6 {Una posición
sumamente interesante y que refleja muy bien las dificultades que está
atravesando Carlsen en esta partida. Las blancas tienen pieza de menos, pero
hay muy poco material sobre el tablero. El resultado más probable es de
tablas, pero Caruana no pierde nada por seguir intentando ganar.} Ne4 48. g4
Ba3 {Fijando de nuevo el peón a2. Las negras quieren ganar algún peón del
flanco de dama, antes de volver su atención al flanco de rey y centro. A
estas alturas, los expertos solo se ponen de acuerdo en que es un 50-50 tablas/
negras. Decepcionante para Magnus,} 49. Bc4 Kf8 50. g5 Nc3 51. b4 {El blanco
prefiere entregar este peón, teniendo en cuenta que el peón de torre podría
distraer mejor a la pareja alfil+caballo negros.} Bxb4 52. Kf3 Na4 53. Bb5 {
En todo caso, el final es mucho más difícil para el blanco que para el negro.
Cualquier error del campeón en este difícil y fascinante final puede ser
decisivo. Caruana está jugando con mucha inteligencia.} Nc5 54. a4 {Este
peón es la principal baza de Carlsen para salvar el juego.} f6 $5 {Una
comprometida jugada, fijando este peón en casilla negra, para que pueda ser
defendida por el alfil negro. Pero recordemos que los peones no pueden volver
atrás... no estaba aún claro si este peón debía permanecer o no en f7.} 55.
Kg4 {Y otra decisión difícil: el rey se dirige al flanco de rey.} Ne4 56. Kh5
Be1 {Se alcanza una posición fascinante. Ahora el negro tendrá que mejorar
su caballo para controlar las importantes casillas de g4-g6. Tiempos restantes:
20:00 min. vs. 17:00 min. Recordemos el ritmo de juego: Ritmo: 100/30 (40) +
50/30 (20) + 15/30 (final).} 57. Bd3 Nd6 {Caruana no quiere repetir con 57...
Cc5 y quiere presionar a Carlsen ante el inminente control de la 60. es
evidente que es mucho más fácil jugar aquí con negras.} 58. a5 {Carlsen
decide entregar su mejor baza para distraer el excelente Ae1, pero las
sutilezas están lejos de terminarse...} Bxa5 59. gxf6 gxf6 60. Kg6 {Dejando
que Caruana tome una importante decisión, justo antes de pasar el control} Bd8
{Dejando el caballo controlando la importante casilla c4, para que el rey
negro pueda ir a g8-h8 controlando la casilla de coronación del peón h.} 61.
Kh7 {¡Impresionante autoconfianza por parte del campeón! Sin apenas pensar,
aún habiendo pasado el control y en un complejo final -incluso para los
ordenadores...} Nf7 62. Bc4 Ne5 63. Bd5 Ba5 64. h5 Bd2 65. Ba2 Nf3 66. Bd5 Nd4
{En su twitter, el GM Miguel Illescas comentaba: "TABLAS - ¡FORTALEZA!
Fíjense en la valoración: es estable. Hace tiempo que vengo reclamando a los
creadores de módulos de análisis que corrijan este error. Negras están
mejor, pero no hay progreso. TABLAS"} 67. Kg6 Bg5 68. Bc4 Nf3 {Pero algo más
tarde el propio Illescas encontró 68...Ah4!! que hubiera puesto en serios
aprietos a carlsen... ¿Se gana el final? Los módulos echaban humo en la nube
:-)} 69. Kh7 Ne5 70. Bb3 Ng4 71. Bc4 Ne3 72. Bd3 {[%emt 0:13:43] Tiempos
restantes: 14:27 vs.} Ng4 73. Bc4 Nh6 74. Kg6 Ke7 {Para no incurrir en una
triple repetición con 74...Cg4, que serían tablas. Pero parece que Caruana
no encuentra un plan decisivo. Podría ahora ir con su rey por detrás del
flanco de rey blanco, pero incluso así parecen tablas. ¡Una gran lucha!} 75.
Bb3 Kd6 76. Bc2 Ke5 77. Bd3 Kf4 78. Bc2 Ng4 79. Bb3 Ne3 {Finalmente y tras
más de seis horas de intensa lucha, Caruana suelta la presa y enseguida
Carlsen fuerza las tablas.} 80. h6 Bxh6 1/2-1/2

[Event "Mundial ajedrez"]
[Site "London"]
[Date "2018.11.09"]
[Round "5"]
[White "Caruana, Fabiano"]
[Black "Carlsen, Magnus"]
[Result "1/2-1/2"]
[WhiteElo "2832"]
[BlackElo "2835"]
[Annotator "ajedrez21.com"]
[PlyCount "67"]
[EventDate "2018.11.09"]
[EventCountry "ENG"]
[SourceVersionDate "2018.11.10"]

{La quinta partida está marcada por la polémica suscitada tras la
publicación del vídeo filtrado en YouTube el pasado martes, antes del
comienzo de la cuarta partida. En dicho fragmento y durante 10 segundos, se
mostraban algunos datos de la preparación del aspirante. Aunque -como dijera
el GM Miguel Illescas- eso apenas representaría el 1% y no estaría nada
claro si perjudicaba a uno u otro. En todo caso, ¡la guerra psicológica ha
comenzado! De ahí el interés en esta partida.} 1. e4 c5 2. Nf3 Nc6 3. Bb5 g6
4. O-O Bg7 5. Re1 e5 6. b4 $5 {Un lance que parece muy arriesgado, pero que en
realidad se ha jugado en numerosas ocasiones. ¿Esta Caruana mandando un
mensaje a Carlsen, en respuesta a la polémica del vídeo? Esta variante
guarda puntos de contacto con el gambito: 1.e4 c5 2.b4!? El plan es entregar
un peón a cambio de quitar al peón c5 del centro y acelerar el desarrollo de
las piezas blancas.} Nxb4 ({También se puede capturar con el peón:} 6... cxb4
7. a3 b3 8. cxb3 Nge7 9. Bb2 O-O 10. b4 a6 11. Ba4 d5 12. exd5 Qxd5 13. Nc3 Qd3
14. Ne4 b6 15. Rc1 Bb7 16. Qe2 Qd5 17. Qe3 Qd8 18. Qg5 f6 19. Qe3 Kh8 20. Qe2
Rc8 21. Bb3 Nd5 {y el negro se impuso en la jugada 48. (Bacrot-Grischuk. GCT
París 2017)}) 7. Bb2 a6 8. a3 axb5 9. axb4 Rxa1 10. Bxa1 d6 11. bxc5 Ne7 12.
Qe2 b4 13. Qc4 {Caruana ha jugado empleado apenas 20 minutos, mientras su
rival algo más de 40. Peor todo está dentro de la teoría y se considera que
hay igualdad, salvo novedad de apertura por parte del aspirante.} Qa5 {La
teoría recomienda 13...Dc7, pero el empleado por Carlsen también ofrece
igualdad.} 14. cxd6 Be6 {Única, pero suficiente. Las negras recuperan en
pocas jugadas el peón entregado, pues el peón blanco 'd6' está condenado.}
15. Qc7 (15. Qf1 Nc8 {seguido de Cxd6 dejaría una agradable posición al
negro.}) 15... Qxc7 16. dxc7 Nc6 17. c3 Kd7 18. cxb4 Ra8 $1 {De momento parece
que el blanco tiene dos peones de más, pero es un espejismo: las piezas
negras son mucho más activas y en breve irán recolectando peones. Lo que
parecía preparación de Caruana ha quedado en poca cosa: Carlsen ha jugado de
forma bastante ambiciosa y tiene la iniciativa.} 19. Bc3 {La jugada natural
defendiendo el peón de 'b4'. ¡Pero Caruana la realizó tras más de media
hora de reflexión! Un claro indicativo de su fracaso en la apertura.} Kxc7 {
Tiempos: 52:37 vs. 01:09:30 - Toda la ventaja que llevaba de tiempo el
aspirante se ha evaporado tras la "pensada" 19.Ac3.} 20. d3 {La torre negra es
muy activa y el blanco tiene muchos problemas para terminar su desarrollo. El
peón de menos que tienen las negras está ampliamente compensado.} Kb6 {
20...Cd4 era más activo y directo. Además, no es seguro que este rey vaya a
estar mejor que en c7, pues la posición adelantada del rey negro podría dar
a las blancas algunos temas tácticos, ya que aún quedan muchas piezas
menores.} 21. Bd2 Rd8 {El negro decide equilibrar el material, si bien ello
hace que el blanco finalmente coordine mejor sus piezas. La posición sigue
equilibrada.} 22. Be3+ {Tras 12 min. de reflexión. Caruana decide poner a
prueba al rey de Carlsen. En un tuit, Miguel Illescas comenta: "Juego de
negras no apto para monárquicos, solo republicanos. ;-)" señalando la
variante: 22...Rb5 23.Cc3+ Rxb4.} Kb5 23. Nc3+ Kxb4 {¡Correcta predicción
del GM Miguel Illescas!} 24. Nd5+ Bxd5 25. exd5 Rxd5 26. Rb1+ Kc3 27. Rxb7 Nd8
28. Rc7+ Kxd3 29. Kf1 {Tras la simplificación, emerge una posición en la que
aunque el negro es ahora quien podría tener un peón de más, la expuesta
situación del monarca negro no permite explotar esta ventaja material.} h5 30.
h3 Ke4 ({¡Ojo a} 30... e4 $4 31. Ne1# {[#] mate!}) 31. Ng5+ Kf5 32. Nxf7 Nxf7
33. Rxf7+ Bf6 34. g4+ {Y una vez restablecida la igualdad material se firmaron
las tablas. Una partida con una continuación ambiciosa de Caruana (6.b4),
pero bien contrarrestada pro Carlsen, que con un juego activo igualó
fácilmente y en ningún momento se le vio sorprendido por su rival.} 1/2-1/2

[Event "Mundial ajedrez"]
[Site "London"]
[Date "2018.11.09"]
[Round "4"]
[White "Carlsen, Magnus"]
[Black "Caruana, Fabiano"]
[Result "1/2-1/2"]
[WhiteElo "2835"]
[BlackElo "2832"]
[Annotator "Ajedrez21.com"]
[PlyCount "67"]
[EventDate "2018.11.09"]
[EventCountry "ENG"]
[SourceVersionDate "2018.11.10"]

{Si algo ha evolucionado en los últimos decenios es la habilidad de los
mejores jugadores en las técnicas defensivas, basadas en la convergencia con
el cálculo preciso. Sin duda, la convivencia con los progranas informáticos
de ajedrez ha afiliado al máximo estas capacidades. Por eso, no es de
extrañar que las diferencias sean minimas en lo que hasta ahora hemos visto
del Mundial, quizá con la excepción de la primera partida, donde Carlsen
tuvo varias claras oportunidades.} 1. c4 e5 2. Nc3 Nf6 3. Nf3 Nc6 {Apertura
inglesa con la variante clásica de los cuatro caballos.} 4. g3 d5 {La
respuesta más común del negro, tras lo cual la posición se asemeja a una
Siciliana Dragón con los colores cambiados.} 5. cxd5 Nxd5 6. Bg2 Bc5 {Una
variante muy poco utilizada y de la que hay pocos precedentes en la práctica
magistral. Curiosamente, Caruana sí lo conocía, pues lo jugó en el Gran
Premio de París este año, frente a Wesley So.} 7. O-O {Pero parece que
Carlsen sigue dentro de su preparación, pues su respuesta fue inmediata.} O-O
8. d3 Re8 (8... Bb6 9. Bd2 Bg4 10. Rc1 Nxc3 11. Bxc3 Re8 12. b4 Qd6 13. Nd2 Qh6
14. Nc4 Qh5 15. Rc2 Rad8 16. Nxb6 cxb6 17. f3 Be6 18. Qd2 b5 19. f4 Bg4 20.
Bxc6 bxc6 21. fxe5 f6 22. exf6 Rxe2 23. f7+ Kf8 24. Bxg7+ Kxg7 25. Qc3+ Re5 26.
Qd4 Qg5 27. Rc5 Rxd4 28. f8=Q+ Kg6 29. Qf7+ {[#] 1-0 (Anand-Caruana. Copa
Sinquefield R5, 2017).}) 9. Bd2 Nxc3 10. Bxc3 {Incluso parece más natural
comer 10.bxc3, llevando este peón hacia el centro y controlando la casilla
'd4', pero Carlsen tiene otros planes.} Nd4 11. b4 {Novedad del campeón
mundial.} ({En el precedente más moderno, Wesley So había jugado ante el
propio Caruana. Si bien era una partida rápida:} 11. Rc1 Bb6 12. Re1 Bg4 13.
Bxd4 exd4 14. a3 c6 15. Nd2 a5 16. Bf3 Be6 {y la partida terminó en tablas.
Gran Premio de París GCT R8, 2018.}) 11... Bd6 12. Rb1 Nxf3+ 13. Bxf3 a6 14.
a4 {El plan blanco parece claro: ataque de minorías en el flanco de dama. Sus
dos alfiles son de momento más activos que los negros. Las blancas tienen una
ligera ventaja. Este tipo de posiciones son muy del gusto de Carlsen.} c6 {
Tiempos: 01:23:37 h. vs. 01:33:30 - El principal problema que tiene el negro
es encontrar un buen plan a largo plazo. Su flanco de dama es muy sensible y
el alfil dama tiene que vigilar el peón b7 por la acción del Ag2.} 15. Re1
Bd7 16. e3 Qf6 17. Be4 Bf5 {Caruana pensó aquí 8 min. analizando la
siguiente continuación de Carlsen, que fuerza un interesante final.} 18. Qf3 {
Carlsen meditó 6 min. y finalmente opta por un final en el que está
levemente mejor: algo mejor estructura de peones y posibilidades de ruptura en
el flanco de dama. Aunque parece poca cosa, en manos del noruego puede ser una
tortura.} Bxe4 19. Qxf6 gxf6 20. dxe4 b5 $1 {Caruana está muy atento: para
definitivamente la ruptura b5 y fija el peón blanco de b4. Parece que la
posición está completamente igulada. Incluso en un hipotético final de
alfiles, la mayoría de peones negros en el flanco de dama le daría cierta
ventaja al aspirante.} 21. Red1 {Tiempos: 55:14 vs. 01:09:49} Bf8 22. axb5 axb5
23. Kg2 Red8 24. Rdc1 {Carlsen quiere mantener las torres sobre el tablero,
pues es la única manera de mantener cierta iniciativa. Las torres negras
dominan las únicas dos columnas abiertas, pero sin ningún objetivo a la
vista. De nuevo, parece que se avecina un largo final, especialidad "de la
casa" del campeón mundial.} Kg7 25. Be1 Rdc8 26. Rc2 Ra4 {La torre de a8
quedó vigilante presta a iniciar el contrajuego para contrarrestar la
presión blanca sobre en la columna c.} 27. Kf3 h5 28. Ke2 Kg6 29. h3 f5 {
Caruana decide mostrarse activo, para no caer en una posición donde solo
juegue Carlsen.} 30. exf5+ Kxf5 31. f3 Be7 32. e4+ Ke6 33. Bd2 Bd6 {Carlsen no
parece haber conseguido nada con su táctica de espera, mientras que Caruana
ha centralizado su Rey y eliminado su peón doblado del flanco de rey.} 34.
Rbc1 {Y se firmaron las tablas. La igualdad es absoluta.} 1/2-1/2